Catalog

Record Details

Catalog Search



Available copies

  • 1 of 1 copy available at LARL/NWRL Consortium. (Show)
  • 1 of 1 copy available at Lake Agassiz Regional Library.

Current holds

0 current holds with 1 total copy.

Show Only Available Copies
Location Call Number / Copy Notes Barcode Shelving Location Status Due Date
Moorhead Public Library SF EVA (Text) 33500013916994 Main Available -

Record details

  • ISBN: 9780316398237
  • ISBN: 0316398233
  • Physical Description: 448 pages : illustration ; 21 cm.
  • Edition: First edition.
  • Publisher: New York, NY : Orbit, 2023.

Content descriptions

Summary, etc.:
"Siyon Velo might be acknowledged as the ... Read More
Subject: Magic > Fiction.
Imaginary places > Fiction.
Jinn > Fiction.
Genre: Fantasy fiction.
Novels.
LDR 02030cam a2200445Mi 4500
001423603
003LARL_NWRL_CONSORTIUM
00520231229212008.0
008230331s2023 nyua 000 1 eng d
010 . ‡a 2023013596
040 . ‡aQQ3 ‡beng ‡erda ‡cQQ3 ‡dOCLCO ‡dCHY ‡dOCLCO
020 . ‡a9780316398237 ‡q(trade paperback)
020 . ‡a0316398233
035 . ‡a(OCoLC)1409168138
08200. ‡a823/.92 ‡223/eng/20220310
1001 . ‡aEvans, Davinia, ‡eauthor.
24510. ‡aShadow baron / ‡cDavinia Evans.
250 . ‡aFirst edition.
264 1. ‡aNew York, NY : ‡bOrbit, ‡c2023.
300 . ‡a448 pages : ‡billustration ; ‡c21 cm.
336 . ‡atext ‡btxt ‡2rdacontent
337 . ‡aunmediated ‡bn ‡2rdamedia
338 . ‡avolume ‡bnc ‡2rdacarrier
4900 . ‡aBurnished city ; ‡v2
520 . ‡a"Siyon Velo might be acknowledged as the Alchemist. He may have even stabilized the planes and stopped Bezim from ever shaking into the sea again. But that doesn't mean he has any idea what's he doing--and it won't be long before everyone knows it. Then, a djinn makes a surprise appearance at a garden party and mythical creatures once confined to stories and plays are spotted around the city. Magic is waking up in the Mundane. It's up to Siyon to figure out a way to stop it, or everything he's worked hard to save will come crashing down"-- ‡cProvided by publisher.
650 0. ‡aMagic ‡vFiction. ‡0(LARL_NWRL_CONSORTIUM)165984
650 0. ‡aImaginary places ‡vFiction. ‡0(LARL_NWRL_CONSORTIUM)169861
650 0. ‡aJinn ‡vFiction.
655 7. ‡aFantasy fiction. ‡2lcgft
655 7. ‡aNovels. ‡2lcgft
901 . ‡a423603 ‡bOCoLC ‡c423603 ‡tbiblio ‡soclc

Additional Resources